000 00426nam a22001697a 4500
005 20180710094053.0
008 160525b xxu||||| |||| 00| 0 eng d
020 _a81-297-8275-1
041 _aeng
082 _b4950
_a658.15
100 _aGitman, Lawrence J.
_91206
245 _aPrinciples of Management Finance
260 _aNew Delhi
_bAcademic Faundation
300 _a799p,
650 _aManagement
_9241
942 _cBK
999 _c1738
_d1737